[Event "Landesliga U20 Nord 1718"]
[Site "Bayern"]
[Date "2018.01.27"]
[Round "4.3"]
[White "Loew, Leonid"]
[Black "Wittmann, Jannik"]
[Result "0-1"]
[WhiteElo "1344"]
[BlackElo "1620"]
[PlyCount "74"]
[EventDate "2017.11.18"]
[EventType "team-tourn"]
[EventRounds "7"]
[EventCountry "GER"]
[SourceTitle "EXT 2022"]
[Source "ChessBase"]
[SourceDate "2021.10.06"]
[SourceVersion "1"]
[SourceVersionDate "2021.10.06"]
[SourceQuality "1"]
[WhiteTeam "Allersberger SC U20"]
[BlackTeam "Regensburg Bavaria U20 II"]
[WhiteTeamCountry "GER"]
[BlackTeamCountry "GER"]

1. e4 c5 2. d4 cxd4 3. c3 dxc3 4. Nxc3 e6 5. Nf3 a6 6. Qb3 Qc7 7. Be3 Bc5 8. Bxc5 Qxc5 9. Rc1 Ne7 10. Bd3 0-0 11. 0-0 Qa7 12. Ne2 Nbc6 13. a3 b5 14. Qc2 Bb7 15. e5 Ng6 16. h4 Ncxe5 17. Nxe5 Nxe5 18. Bxh7+ Kh8 19. Nf4 Qd4 20. Ne2 Qxh4 21. Qc7 Ng4 22. f3 Qxh7 23. fxg4 Qe4 24. Qh2+ Kg8 25. Kf2 Rac8 26. Rh1 f6 27. Rxc8 Rxc8 28. Qh8+ Kf7 29. Qh5+ Ke7 30. Qh3 Rc2 31. Re1 Bd5 32. Qf3 Qd4+ 33. Qe3 Qxg4 34. Qg3 Qxg3+ 35. Kxg3 Rxb2 36. Nf4 Bc6 37. Ne2 Rb3+ 0-1

[Event "Landesliga U20 Nord 1718"]
[Site "Bayern"]
[Date "2018.01.27"]
[Round "5.3"]
[White "Wittmann, Jannik"]
[Black "Drechsel, Simon"]
[Result "0-1"]
[WhiteElo "1620"]
[BlackElo "1671"]
[PlyCount "66"]
[EventDate "2017.11.18"]
[EventType "team-tourn"]
[EventRounds "7"]
[EventCountry "GER"]
[SourceTitle "EXT 2022"]
[Source "ChessBase"]
[SourceDate "2021.10.06"]
[SourceVersion "1"]
[SourceVersionDate "2021.10.06"]
[SourceQuality "1"]
[WhiteTeam "Regensburg Bavaria U20 II"]
[BlackTeam "Neumarkt U20"]
[WhiteTeamCountry "GER"]
[BlackTeamCountry "GER"]

1. Nf3 Nf6 2. g3 d5 3. d4 Bf5 4. Bg2 e6 5. 0-0 Nbd7 6. c4 dxc4 7. Qa4 Be7 8. Nc3 0-0 9. Qxc4 c6 10. Ne5 Nb6 11. Qb3 Qxd4 12. Bf4 Nbd5 13. Rfd1 Qb6 14. Qxb6 axb6 15. Nxd5 exd5 16. a3 Ne4 17. Rac1 f6 18. Nf3 Bc5 19. Nd4 Bxd4 20. Rxd4 Rfe8 21. Bc7 Nc5 22. Re1 Ne6 23. Bxb6 Nxd4 24. Bxd4 Kf7 25. e3 g5 26. Rc1 h5 27. Rc3 Ra4 28. Rb3 b5 29. Bf1 Rc8 30. Rc3 b4 31. Rb3 c5 32. Bb5 Ra5 33. Bxc5 Rxc5 0-1